| 000 | 00837nam a2200229 a 4500 | ||
|---|---|---|---|
| 001 | BRCA_5743 | ||
| 005 | 20190321142933.0 | ||
| 008 | 040311s1946----nyu#######---#000-0#eng-# | ||
| 041 | _aspa | ||
| 044 | _anyu | ||
| 050 | 4 | _b.P65 1 1946 | |
| 245 | 1 | 0 |
_aPolitical Science Quarterly _cedited for the Academy of Political Science by the Faculty of Political Science of Columbia University. |
| 260 |
_aNueva York _bAcademy of Political Science _c1946 |
||
| 300 |
_a4 v. _c21 cm. |
||
| 500 | _aVer también H67 | ||
| 500 | _aG1 | ||
| 505 | 0 | _aContenido: v.1. LVII June 1943 No.2. -- v.2. LXI June 1945. No.2. -- v.3. LX September 1945 No.3. -- v.4. LXI September 1946 No.3 | |
| 650 | 1 | 4 |
_aCiencia política _zEstados Unidos _914570 |
| 710 | 2 |
_aColumbia University _bAcademy of Political Science _914571 |
|
| 902 | _aGFM | ||
| 942 |
_2lcc _cB |
||
| 999 |
_c5433 _d5433 |
||